• 首页
  • 本馆介绍
  • 公告通知
  • 最新文献
  • 馆藏检索
  • 电子资源
  • 读者导购
  • 参考咨询
  • 我的图书馆
  • 登录
  • 详细信息显示
  • 放入我的书架
  • 预约/预借图书
  • 作者相关作品
  • 分类相关作品
  • 丛书相关作品
  • 出版社相关作品

书目信息

  • 表格格式
  • 工作单格式
  • 卡片格式
题名:
材料科学与工程实验教程
    
 
作者: 段辉平 主编
分册:  
出版信息: 北京   北京航空航天大学出版社  2019
页数: 296页
开本: 26cm
丛书名:
单 册:
中图分类: TB302 , TB3
科图分类:
主题词: 工程材料--材料试验--高等学校--教材
电子资源:
ISBN: 978-7-5124-2980-2
000 01053nam0 2200241 450
001 2271180706
005 20220928194640.82
010    @a978-7-5124-2980-2@dCNY49.00
100    @a20190612d2019 em y0chiy50 ea
101 0  @achi
102    @aCN@b110000
105    @aa z 000yy
200 1  @a材料科学与工程实验教程@9cai liao ke xue yu gong cheng shi yan jiao cheng@f段辉平主编
210    @a北京@c北京航空航天大学出版社@d2019
215    @a296页@c图@d26cm
300    @a普通高校“十三五”规划教材
330    @a本书涵盖了金属、陶瓷、高分子、纳米能源等材料的合成与制备技术、组织与结构分析技术、性能与表征技术以及材料服役性能评价方法等。全书按实验层次分为三章。第一章为基础实验,主要学习材料学科常见的分析检测技术;第二章为综合实验,学习如何利用掌握的基础知识对合成的材料进行分析检测和评估;第三章为特色实验,学习航空航天材料特色研究方法和实验技术的最新发展。
606 0  @a工程材料@x材料试验@x高等学校@j教材
690    @aTB302@v5
690    @aTB3@v4
701  0 @a段辉平@9duan hui ping@4主编
801  0 @aCN@b91MARC@c20190612
905    @aZUCC@dTB3@e25
    
    材料科学与工程实验教程/段辉平主编.-北京:北京航空航天大学出版社,2019
    296页:图;26cm
    普通高校“十三五”规划教材
    
    ISBN 978-7-5124-2980-2:CNY49.00
    本书涵盖了金属、陶瓷、高分子、纳米能源等材料的合成与制备技术、组织与结构分析技术、性能与表征技术以及材料服役性能评价方法等。全书按实验层次分为三章。第一章为基础实验,主要学习材料学科常见的分析检测技术;第二章为综合实验,学习如何利用掌握的基础知识对合成的材料进行分析检测和评估;第三章为特色实验,学习航空航天材料特色研究方法和实验技术的最新发展。
●
相关链接 在五车中查询图书 在当当中查询图书 在豆瓣中查询图书


正题名:材料科学与工程实验教程     索取号:TB3/25         预约/预借

序号 登录号 条形码 馆藏地/架位号 状态 备注
1 2000905450   2000905450   第三书库/ [索取号:TB3/25] 在馆    
2 2000905451   2000905451   第三书库/ [索取号:TB3/25] 在馆    
3 2000905452   2000905452   第三书库/ [索取号:TB3/25] 在馆    
山东省滨州职业学院图书馆 欢迎您!
大连网信软件有限公司© 版权所有